Nehmotná hodnota značky a jej význam pre pozíciu firmy WURTH vo vnímaní zákazníkom diplomová práca

Saved in:
Bibliographic Details
Main Author: Vašková, Zuzana
Corporate Author: Obchodná fakulta EU. Katedra marketingu
Other Authors: Orgonáš, Jozef, 1957-
Format: Book
Language:Slovak
Published: Bratislava 2013
Tags: Add Tag
No Tags, Be the first to tag this record!

MARC

LEADER 00000nbm a2200000 4500
001 0169613
005 20161109102315.5
041 0 |a slo 
044 |a SK 
245 1 0 |a Nehmotná hodnota značky a jej význam pre pozíciu firmy WURTH vo vnímaní zákazníkom  |b diplomová práca  |c Zuzana Vašková ; školiteľ: Júlia Lipianska 
264 1 |a Bratislava  |c 2013 
300 |a 60 s. 
100 1 |a Vašková, Zuzana 
700 1 |a Orgonáš, Jozef, 1957- 
710 2 |a Obchodná fakulta EU. Katedra marketingu